| 000 | 00438nam a2200181Ia 4500 | ||
|---|---|---|---|
| 001 | 13069 | ||
| 005 | 20260306163026.0 | ||
| 008 | 260306t2015||||xx |||||||||||||| ||spa|| | ||
| 041 | _aESP | ||
| 082 |
_aRD 720.03 _bCH554 |
||
| 100 |
_aChing, Francis D. K. _eAUT |
||
| 245 | 0 | _aDiccionario visual de arquitectura | |
| 260 | _c2015 | ||
| 300 |
_a380 páginas : _c30 cm. |
||
| 650 | _aGEN | ||
| 654 | _aCAU | ||
| 942 |
_cDIC _dJUS _fJUS _2ddc _n |
||
| 999 |
_c13069 _d13069 |
||